Statistics for Five ancient patriarchates of the Pentarchy

Click here to take the quiz!

General Stats

  • This quiz has been taken 484 times
  • The average score is 4 of 5

Answer Stats

Answer% Correct
Rome
97%
Constantinople
91%
Jerusalem
82%
Alexandria
81%
Antioch
59%

Score Distribution

Percentile by Number Answered

Percent of People with Each Score

Your Score History

You have not taken this quiz